[Event "Zagreb Open 2010 Grupo B"]
[Site "Zagreb CRO"]
[Date "2010.02.28"]
[Round "4.10"]
[White "Strniscak, Tomislav"]
[Black "Jakupec, Denis"]
[Result "1-0"]
[WhiteElo "2202"]
[BlackElo "2090"]
[PlyCount "35"]
[EventDate "2010.02.25"]
[EventType "swiss"]
[EventRounds "9"]
[EventCountry "CRO"]
[Source "lmi"]
[SourceDate "2010.02.25"]

1. e4 c5 2. c3 Nf6 3. e5 Nd5 4. d4 cxd4 5. Nf3 d6 6. Bc4 e6 7. cxd4 Nc6 8. Qe2
Be7 9. O-O O-O 10. Qe4 Nb6 11. Bd3 g6 12. Bh6 Re8 13. a3 Nd7 14. Qf4 Qc7 15.
Re1 dxe5 16. dxe5 Ndxe5 17. Nxe5 Bd6 18. Bb5 1-0

[Event "Zagreb Open 2010 Grupo B"]
[Site "Zagreb CRO"]
[Date "2010.02.28"]
[Round "4.12"]
[White "Baturina, Andrija"]
[Black "Sribar, Peter"]
[Result "1-0"]
[WhiteElo "2101"]
[BlackElo "2199"]
[PlyCount "129"]
[EventDate "2010.02.25"]
[EventType "swiss"]
[EventRounds "9"]
[EventCountry "CRO"]
[Source "lmi"]
[SourceDate "2010.02.25"]

1. Nf3 c5 2. c4 Nf6 3. g3 b6 4. Bg2 Bb7 5. O-O e6 6. d3 Be7 7. Qc2 O-O 8. Nc3
Nc6 9. a3 d5 10. e3 Qd7 11. Rd1 d4 12. Ne2 Rad8 13. e4 e5 14. Nh4 g6 15. Bh6
Rfe8 16. Bg5 Nh5 17. Bxe7 Nxe7 18. Qd2 f5 19. Bh3 Qc6 20. f3 fxe4 21. fxe4 Bc8
22. Bxc8 Qxc8 23. Kg2 Rf8 24. Qg5 Qe6 25. Rf1 Rxf1 26. Rxf1 Rf8 27. Rxf8+ Kxf8
28. Nf3 Nc6 29. Neg1 Qf6 30. Qg4 Ng7 31. Qc8+ Ne8 32. Nh3 h6 33. Nf2 h5 34. Nh3
Qd6 35. Nhg5 Ke7 36. Nh4 Nd8 37. Qa8 a5 38. Qc8 Qf6 39. Nhf3 Qd6 40. g4 Nf6 41.
Nxe5 Nxg4 42. Nxg4 hxg4 43. Qxg4 Nc6 44. Nf3 Kf7 45. Qh4 Kg7 46. Qg5 Qe6 47. h4
Qf6 48. Qg3 Ne7 49. Ne5 Kh7 50. Ng4 Qe6 51. Qf4 Ng8 52. Qc7+ Kh8 53. Qe5+ Qxe5
54. Nxe5 Ne7 55. Kg3 Kg7 56. Kf4 Kh6 57. Nd7 Kh5 58. Kg3 Nc6 59. Nf6+ Kh6 60.
Kf4 a4 61. e5 Ne7 62. e6 Kg7 63. Nd7 Nf5 64. h5 Ne3 65. h6+ 1-0

[Event "Zagreb Open 2010 Grupo B"]
[Site "Zagreb CRO"]
[Date "2010.02.28"]
[Round "4.13"]
[White "Durovic, Goran"]
[Black "Rozic, Marijan"]
[Result "1-0"]
[WhiteElo "2276"]
[BlackElo "2092"]
[PlyCount "81"]
[EventDate "2010.02.25"]
[EventType "swiss"]
[EventRounds "9"]
[EventCountry "CRO"]
[Source "lmi"]
[SourceDate "2010.02.25"]

1. Nf3 Nf6 2. c4 g6 3. Nc3 Bg7 4. e4 d6 5. d4 O-O 6. Be2 e5 7. O-O Nc6 8. d5
Ne7 9. b4 a5 10. Ba3 b6 11. bxa5 Rxa5 12. Bb4 Ra8 13. a4 Ne8 14. Nb5 Bd7 15.
Qc2 f5 16. Nd2 fxe4 17. Nxe4 Nf5 18. Bc3 Bh6 19. Rfe1 Nh4 20. a5 c6 21. dxc6
Bxc6 22. a6 Nxg2 23. Kxg2 Qg5+ 24. Kf1 Rxf2+ 25. Kxf2 Qh4+ 26. Kg2 Bxe4+ 27.
Qxe4 Qxe4+ 28. Bf3 Qc2+ 29. Re2 Qd3 30. Bd5+ Kg7 31. Rf2 Rd8 32. a7 Be3 33.
Rf7+ Kh6 34. Rf3 Qe2+ 35. Kh1 Bf4 36. Rh3+ Kg5 37. Rg1+ Kf6 38. Rxh7 Ng7 39.
Nxd6 Ke7 40. Rxg7+ Kxd6 41. Bb4# 1-0

[Event "Zagreb Open 2010 Grupo B"]
[Site "Zagreb CRO"]
[Date "2010.02.28"]
[Round "4.14"]
[White "Jakovljevski, Radivoje"]
[Black "Petrovic, Zvonko"]
[Result "0-1"]
[WhiteElo "2089"]
[BlackElo "2262"]
[PlyCount "98"]
[EventDate "2010.02.25"]
[EventType "swiss"]
[EventRounds "9"]
[EventCountry "CRO"]
[Source "lmi"]
[SourceDate "2010.02.25"]

1. e4 c5 2. c3 d5 3. exd5 Qxd5 4. d4 Nf6 5. Nf3 Bg4 6. Be2 cxd4 7. cxd4 Nc6 8.
Nc3 Qa5 9. O-O e6 10. Bd2 Be7 11. h3 Bh5 12. Nb5 Qd8 13. Bf4 O-O 14. Be5 a6 15.
Nc3 Rc8 16. g4 Bg6 17. Nh4 Qa5 18. Nxg6 hxg6 19. Qa4 Qxa4 20. Nxa4 Nd7 21. Bf3
f6 22. Bg3 b5 23. Bxc6 Rxc6 24. Nc3 Nb6 25. Ne2 Rc2 26. Nf4 Kf7 27. Rae1 Rc6
28. Re2 g5 29. Ng2 Rd8 30. Rd1 e5 31. Ne3 Rxd4 32. Rxd4 exd4 33. Nf5 Rc1+ 34.
Kg2 Bc5 35. b4 Bxb4 36. Nxd4 Re1 37. Rc2 Nc4 38. a4 Rd1 39. Nc6 Bf8 40. Nb8 Rd2
41. Rc3 Bb4 42. Rc1 Ba3 43. Rc3 Bb2 44. Rb3 bxa4 45. Rb7+ Kg6 46. Nxa6 a3 47.
Nc5 a2 48. Ne6 f5 49. Nf8+ Kh6 0-1

[Event "Zagreb Open 2010 Grupo B"]
[Site "Zagreb CRO"]
[Date "2010.02.28"]
[Round "4.15"]
[White "Pecnik, Leo"]
[Black "Blazeka, Matej"]
[Result "1/2-1/2"]
[WhiteElo "2261"]
[BlackElo "2085"]
[PlyCount "49"]
[EventDate "2010.02.25"]
[EventType "swiss"]
[EventRounds "9"]
[EventCountry "CRO"]
[Source "lmi"]
[SourceDate "2010.02.25"]

1. e4 e5 2. Nf3 Nc6 3. d4 exd4 4. Nxd4 Bc5 5. Nb3 Bb6 6. Nc3 Nf6 7. Be2 d6 8.
O-O Be6 9. a4 a6 10. Nd5 Bxd5 11. exd5 Ne5 12. a5 Ba7 13. c4 O-O 14. Nd4 Re8
15. Be3 Qd7 16. Nc2 Bxe3 17. Nxe3 Ng6 18. Qb3 Rab8 19. Ra4 Ne4 20. Bg4 Qe7 21.
Qc2 Nxf2 22. Nf5 Qe4 23. Qxf2 Qxg4 24. Nh6+ gxh6 25. Qxf7+ 1/2-1/2

[Event "Zagreb Open 2010 Grupo B"]
[Site "Zagreb CRO"]
[Date "2010.02.28"]
[Round "4.16"]
[White "Lasic, Luka"]
[Black "Ikica, Ante"]
[Result "1-0"]
[WhiteElo "2222"]
[BlackElo "2065"]
[PlyCount "91"]
[EventDate "2010.02.25"]
[EventType "swiss"]
[EventRounds "9"]
[EventCountry "CRO"]
[Source "lmi"]
[SourceDate "2010.02.25"]

1. Nf3 Nf6 2. c4 d5 3. d4 e6 4. g3 c5 5. cxd5 exd5 6. Bg2 Nc6 7. Nc3 Be7 8. O-O
O-O 9. Bg5 Be6 10. Rc1 h6 11. Bxf6 Bxf6 12. dxc5 Qd7 13. Re1 Rad8 14. a3 Bf5
15. e3 Bg4 16. Qa4 Bxf3 17. Bxf3 Ne5 18. Be2 Qe7 19. Red1 Qe6 20. Qb3 Ng6 21.
Nxd5 Bxb2 22. Qxb2 Rxd5 23. Qxb7 Rxd1+ 24. Bxd1 Qa2 25. Qb4 Ne5 26. Qc3 Nc6 27.
Bb3 Qe2 28. Bd5 Ne7 29. e4 Kh8 30. Re1 Qh5 31. Bb7 Ng6 32. e5 Re8 33. f4 Qg4
34. Bf3 Qh3 35. Bg2 Qg4 36. c6 h5 37. h4 Ne7 38. Kh2 Qc8 39. c7 Kh7 40. Rc1 Nf5
41. Be4 g6 42. Bxf5 gxf5 43. Qc6 Re6 44. Qd5 Kg7 45. Qd8 Qa6 46. Rc2 1-0

[Event "Zagreb Open 2010 Grupo B"]
[Site "Zagreb CRO"]
[Date "2010.02.28"]
[Round "4.17"]
[White "Vrsek, Ivan"]
[Black "Hrupacki, Milan"]
[Result "0-1"]
[WhiteElo "2217"]
[BlackElo "2072"]
[PlyCount "74"]
[EventDate "2010.02.25"]
[EventType "swiss"]
[EventRounds "9"]
[EventCountry "CRO"]
[Source "lmi"]
[SourceDate "2010.02.25"]

1. d4 c6 2. c4 d6 3. Nc3 Qc7 4. g3 Nd7 5. Bg2 e5 6. Nf3 Ngf6 7. O-O Be7 8. h3
O-O 9. e4 b6 10. Qc2 a5 11. b3 Ba6 12. Rd1 Rac8 13. Bb2 b5 14. c5 dxc5 15. dxe5
Nh5 16. Ne2 g6 17. Rd2 Rfd8 18. Rad1 Nf8 19. Nh2 b4 20. Ng4 Ne6 21. Bf1 Bb5 22.
Kh2 Ra8 23. f4 a4 24. f5 Bg5 25. Rxd8+ Nxd8 26. Qxc5 axb3 27. h4 Be7 28. Qe3
bxa2 29. Nh6+ Kh8 30. Rd7 Qxd7 31. e6+ Bf6 32. exd7 Bxb2 33. Qc5 Kg7 34. Nf4
Nxf4 35. e5 Nfe6 36. f6+ Kxh6 37. Qe3+ g5 0-1

[Event "Zagreb Open 2010 Grupo B"]
[Site "Zagreb CRO"]
[Date "2010.02.28"]
[Round "4.19"]
[White "Bender, Zdenko"]
[Black "Raguz, Dario"]
[Result "0-1"]
[WhiteElo "2085"]
[BlackElo "2177"]
[PlyCount "58"]
[EventDate "2010.02.25"]
[EventType "swiss"]
[EventRounds "9"]
[EventCountry "CRO"]
[Source "lmi"]
[SourceDate "2010.02.25"]

1. d4 Nf6 2. Nf3 e6 3. Bg5 h6 4. Bh4 b6 5. Nbd2 Bb7 6. e3 c5 7. c3 Be7 8. Bd3
d6 9. O-O O-O 10. Rc1 Nbd7 11. Bb1 Re8 12. Qe2 Rc8 13. e4 Nh5 14. Bxe7 Qxe7 15.
Rcd1 Nf4 16. Qe3 e5 17. g3 cxd4 18. cxd4 Ne6 19. b4 Ng5 20. Nh4 d5 21. Qa3 dxe4
22. dxe5 e3 23. Ne4 Bxe4 24. Bxe4 e2 25. Bf5 exf1=Q+ 26. Kxf1 Rc7 27. f4 Ne6
28. Rd6 Ndf8 29. Kg2 Nxf4+ 0-1

[Event "Zagreb Open 2010 Grupo B"]
[Site "Zagreb CRO"]
[Date "2010.02.28"]
[Round "4.20"]
[White "Greb, Nikola"]
[Black "Starcevic, Kresimir"]
[Result "1/2-1/2"]
[WhiteElo "2053"]
[BlackElo "2170"]
[PlyCount "80"]
[EventDate "2010.02.25"]
[EventType "swiss"]
[EventRounds "9"]
[EventCountry "CRO"]
[Source "lmi"]
[SourceDate "2010.02.25"]

1. e4 e6 2. d4 c5 3. Nf3 cxd4 4. Nxd4 Nc6 5. Nc3 Nf6 6. Ndb5 d6 7. Bg5 a6 8.
Bxf6 gxf6 9. Nd4 Bd7 10. Nb3 Rc8 11. a4 Rg8 12. Qd2 Ne5 13. f3 Nc4 14. Bxc4
Rxc4 15. O-O Qc7 16. a5 h5 17. Qf4 Rg6 18. Qh4 d5 19. Rac1 d4 20. Ne2 Rxc2 21.
Nbxd4 Rxc1 22. Rxc1 Qxa5 23. f4 Rg4 24. Qf2 Qb6 25. h3 Rg8 26. e5 Bc5 27. exf6
Bb5 28. b4 Bxd4 29. Nxd4 Bd7 30. b5 e5 31. fxe5 Bxh3 32. e6 Rxg2+ 33. Qxg2
Qxd4+ 34. Qf2 Qxf2+ 35. Kxf2 Bxe6 36. bxa6 bxa6 37. Rc6 a5 38. Ra6 Kd7 39. Rxa5
h4 40. Ra4 Bf5 1/2-1/2

[Event "Zagreb Open 2010 Grupo B"]
[Site "Zagreb CRO"]
[Date "2010.02.28"]
[Round "5.1"]
[White "Rubil, Marko"]
[Black "Livaja, Mario"]
[Result "0-1"]
[WhiteElo "2123"]
[BlackElo "2164"]
[PlyCount "108"]
[EventDate "2010.02.25"]
[EventType "swiss"]
[EventRounds "9"]
[EventCountry "CRO"]
[Source "lmi"]
[SourceDate "2010.02.25"]

1. e4 c5 2. Nf3 Nc6 3. d4 cxd4 4. Nxd4 Qc7 5. Nc3 e6 6. Be2 a6 7. O-O Nf6 8.
Be3 Be7 9. f4 d6 10. Qe1 h5 11. f5 Nxd4 12. Bxd4 Bd7 13. Qf2 b5 14. a3 e5 15.
Be3 Bc6 16. Bf3 Qb7 17. Rae1 Nxe4 18. Nxe4 Bxe4 19. Bxe4 Qxe4 20. Bh6 Qh4 21.
Bxg7 Qxf2+ 22. Rxf2 Rh7 23. f6 Bd8 24. Rd2 Ba5 25. c3 Bc7 26. h4 Rd8 27. Rd5
Rd7 28. Re4 Kd8 29. a4 bxa4 30. Rxa4 Bb6+ 31. Kf1 a5 32. Rc4 Bc5 33. Ke2 Kc7
34. Kd3 Kc6 35. Rcxc5+ dxc5 36. Rxd7 Kxd7 37. Ke4 Ke6 38. Kd3 Kd5 39. c4+ Ke6
40. Ke3 a4 41. Ke2 Kf5 42. Kf3 e4+ 43. Ke3 Ke5 44. Bf8 Rh8 45. Bxc5 Rd8 46. Be7
Rd3+ 47. Ke2 Rb3 48. Ba3 Kxf6 49. c5 Ke6 50. Kf2 f5 51. Ke2 Kd5 52. Kf2 f4 53.
Ke2 Rg3 54. Kf2 Rg4 0-1

[Event "Zagreb Open 2010 Grupo B"]
[Site "Zagreb CRO"]
[Date "2010.02.28"]
[Round "5.2"]
[White "Blagojevic, Marijan"]
[Black "Petrusic, Toni"]
[Result "1/2-1/2"]
[WhiteElo "2127"]
[BlackElo "2065"]
[PlyCount "53"]
[EventDate "2010.02.25"]
[EventType "swiss"]
[EventRounds "9"]
[EventCountry "CRO"]
[Source "lmi"]
[SourceDate "2010.02.25"]

1. d4 d5 2. c4 e6 3. Nf3 Nf6 4. Bg5 Be7 5. Nc3 O-O 6. e3 Nbd7 7. Rc1 b6 8. cxd5
exd5 9. Bd3 Bb7 10. Bxf6 Nxf6 11. O-O c5 12. Ne5 Rc8 13. Bf5 Ra8 14. f4 g6 15.
Bb1 Ne4 16. Rf3 f6 17. Ng4 h5 18. Nf2 f5 19. Nd3 Rc8 20. Ne5 Kh7 21. Bxe4 dxe4
22. Rg3 Rc6 23. Nxc6 Bxc6 24. d5 Bb7 25. Rh3 Kg7 26. g4 hxg4 27. Rg3 1/2-1/2

[Event "Zagreb Open 2010 Grupo B"]
[Site "Zagreb CRO"]
[Date "2010.02.28"]
[Round "5.3"]
[White "Ivanov, Borislav"]
[Black "Zecevic, Dean"]
[Result "1/2-1/2"]
[WhiteElo "2128"]
[BlackElo "2213"]
[PlyCount "37"]
[EventDate "2010.02.25"]
[EventType "swiss"]
[EventRounds "9"]
[EventCountry "CRO"]
[Source "lmi"]
[SourceDate "2010.02.25"]

1. d4 d5 2. c4 c6 3. Nf3 Nf6 4. Nc3 dxc4 5. a4 Bf5 6. Ne5 Nbd7 7. Nxc4 Qc7 8.
g3 e5 9. dxe5 Nxe5 10. Bf4 Nfd7 11. Bg2 f6 12. O-O Be6 13. Nxe5 Nxe5 14. a5 a6
15. Qc2 Rd8 16. Be3 Nc4 17. Bf4 Ne5 18. Be3 Nc4 19. Bf4 1/2-1/2

[Event "Zagreb Open 2010 Grupo B"]
[Site "Zagreb CRO"]
[Date "2010.02.28"]
[Round "5.5"]
[White "Baturina, Andrija"]
[Black "Kalajzic, Ivan"]
[Result "0-1"]
[WhiteElo "2101"]
[BlackElo "2198"]
[PlyCount "82"]
[EventDate "2010.02.25"]
[EventType "swiss"]
[EventRounds "9"]
[EventCountry "CRO"]
[Source "lmi"]
[SourceDate "2010.02.25"]

1. Nf3 b6 2. g3 Bb7 3. Bg2 e5 4. d3 Bb4+ 5. c3 Be7 6. Qb3 Bxf3 7. Bxf3 c6 8. c4
Na6 9. Nc3 Nf6 10. O-O O-O 11. a3 Nc5 12. Qc2 Ne6 13. e3 Re8 14. b4 Bf8 15. Qb3
g6 16. Bb2 Bg7 17. Rad1 Qe7 18. Bg2 h5 19. d4 h4 20. d5 hxg3 21. hxg3 Ng5 22.
dxc6 dxc6 23. Bxc6 Qe6 24. Bxa8 Rxa8 25. Nd5 Qh3 26. Nxf6+ Bxf6 27. e4 Kg7 28.
f4 Rh8 29. Kf2 Nxe4+ 30. Ke1 Nxg3 31. Rg1 Bh4 32. Qf3 Nh5+ 33. Ke2 Qh2+ 34. Ke3
Qxb2 35. fxe5 Qxe5+ 36. Kd3 Nf4+ 37. Kc2 Bf6 38. Kb3 Rh3 39. Rg3 Qb2+ 40. Ka4
Rxg3 41. Qxg3 Ne2 0-1

[Event "Zagreb Open 2010 Grupo B"]
[Site "Zagreb CRO"]
[Date "2010.02.28"]
[Round "5.6"]
[White "Krizanovic, Zvonko"]
[Black "Jelecevic, Ivo"]
[Result "0-1"]
[WhiteElo "2065"]
[BlackElo "2180"]
[PlyCount "44"]
[EventDate "2010.02.25"]
[EventType "swiss"]
[EventRounds "9"]
[EventCountry "CRO"]
[Source "lmi"]
[SourceDate "2010.02.25"]

1. e4 c5 2. Nc3 e6 3. f4 d5 4. Nf3 dxe4 5. Nxe4 Nf6 6. Qe2 Nc6 7. d3 Be7 8. Bd2
O-O 9. O-O-O b5 10. h3 Bb7 11. g4 Nd5 12. Bg2 Rc8 13. Kb1 Nd4 14. Qf2 Qc7 15.
Ne1 b4 16. f5 Qb6 17. c4 bxc3 18. Nxc3 Rb8 19. Nxd5 Bxd5 20. Bf4 Bxa2+ 21. Kc1
c4 22. Be3 Bg5 0-1

[Event "Zagreb Open 2010 Grupo B"]
[Site "Zagreb CRO"]
[Date "2010.02.28"]
[Round "5.7"]
[White "Kristovic, Marijan"]
[Black "Draganic, Stjepan"]
[Result "1-0"]
[WhiteElo "2294"]
[BlackElo "2162"]
[PlyCount "120"]
[EventDate "2010.02.25"]
[EventType "swiss"]
[EventRounds "9"]
[EventCountry "CRO"]
[Source "lmi"]
[SourceDate "2010.02.25"]

1. e4 c6 2. Nf3 d5 3. Nc3 dxe4 4. Nxe4 Nf6 5. Nxf6+ exf6 6. d4 Bg4 7. c3 Bd6 8.
Qe2+ Qe7 9. Qxe7+ Kxe7 10. Be2 Re8 11. h3 Bh5 12. O-O Kf8 13. Bd1 Nd7 14. a4 a6
15. a5 Rad8 16. b4 Bg6 17. Bd2 Bd3 18. Re1 g5 19. Re3 Bc4 20. Bc2 Kg7 21. Rxe8
Rxe8 22. Bf5 Nf8 23. Re1 Rd8 24. h4 h6 25. h5 Ne6 26. Be3 Nc7 27. Nd2 Be6 28.
Bxe6 fxe6 29. Ne4 f5 30. Nc5 Bxc5 31. bxc5 Nd5 32. Bd2 Kf7 33. Rb1 Rd7 34. f3
Nf6 35. Kf2 Nxh5 36. Rh1 Kg6 37. Re1 Kf7 38. Rh1 Kg6 39. Re1 Ng7 40. g3 h5 41.
f4 g4 42. Be3 Ne8 43. Kg2 Nf6 44. Rh1 Rh7 45. Kf2 Ng8 46. Rb1 h4 47. gxh4 Rxh4
48. Rxb7 Rh2+ 49. Ke1 Rh3 50. Ke2 Rh2+ 51. Kd3 g3 52. d5 g2 53. dxc6 Rh3 54.
Rb1 Rh1 55. Bg1 Ne7 56. c7 Rh8 57. Rb2 Rc8 58. Rxg2+ Kf7 59. Bd4 Ng6 60. Rxg6
Kxg6 1-0

[Event "Zagreb Open 2010 Grupo B"]
[Site "Zagreb CRO"]
[Date "2010.02.28"]
[Round "5.8"]
[White "Gabre, Zeljko"]
[Black "Durovic, Goran"]
[Result "0-1"]
[WhiteElo "2124"]
[BlackElo "2276"]
[PlyCount "140"]
[EventDate "2010.02.25"]
[EventType "swiss"]
[EventRounds "9"]
[EventCountry "CRO"]
[Source "lmi"]
[SourceDate "2010.02.25"]

1. e4 c5 2. Nf3 d6 3. c3 Nf6 4. Be2 Bd7 5. d3 g6 6. O-O Bg7 7. Re1 O-O 8. Nbd2
e5 9. Nf1 h6 10. h3 Kh7 11. N3h2 Ng8 12. g4 f5 13. f3 Qh4 14. Kg2 f4 15. Qd2
Nc6 16. Bd1 Qe7 17. Qe2 Bf6 18. Nd2 Bh4 19. Rh1 Kg7 20. Nb3 b5 21. Bd2 Nf6 22.
Be1 Bxe1 23. Qxe1 b4 24. Nd2 Rab8 25. Bb3 Na5 26. Bd5 bxc3 27. bxc3 Bb5 28. c4
Ba4 29. Qc1 Rb4 30. Qc3 Nc6 31. Rhb1 Rfb8 32. Bxc6 Bxc6 33. a3 Rxb1 34. Rxb1
Rxb1 35. Nxb1 Qb7 36. Nd2 Qa6 37. Kf2 Nd7 38. Nhf1 Nf8 39. Qb3 Qc8 40. Qc3 Qd8
41. Nb3 Ba4 42. Kg2 Ne6 43. Nbd2 Qb6 44. Kf2 Nd4 45. Qc1 Bc2 46. Kg2 Bxd3 47.
Qc3 Bc2 48. h4 Bd1 49. Qa1 Ba4 50. Qc3 Bd7 51. Qc1 Qd8 52. Qb2 Qc8 53. Nh2 Kf7
54. Nb1 Be6 55. Nd2 Qc7 56. Qb1 Qb6 57. Qd3 Qb2 58. Nhf1 Qc2 59. Qxc2 Nxc2 60.
Nb1 Bxc4 61. Nfd2 Be6 62. a4 a5 63. Nc3 Nd4 64. Nd5 Bxd5 65. exd5 Nc2 66. Kf2
Ne3 67. Nb3 Nc4 68. Ke2 Kf6 69. Kd3 Nb2+ 70. Ke4 Nxa4 0-1

[Event "Zagreb Open 2010 Grupo B"]
[Site "Zagreb CRO"]
[Date "2010.02.28"]
[Round "5.9"]
[White "Petrovic, Zvonko"]
[Black "Raljic, Mirko"]
[Result "1/2-1/2"]
[WhiteElo "2262"]
[BlackElo "2153"]
[PlyCount "45"]
[EventDate "2010.02.25"]
[EventType "swiss"]
[EventRounds "9"]
[EventCountry "CRO"]
[Source "lmi"]
[SourceDate "2010.02.25"]

1. Nf3 Nf6 2. g3 g6 3. Bg2 Bg7 4. O-O O-O 5. c4 d6 6. d4 a6 7. Nc3 Nc6 8. e4
Rb8 9. a4 Bg4 10. h3 Bxf3 11. Bxf3 e5 12. Ne2 Nxd4 13. Nxd4 exd4 14. Qxd4 Nd7
15. Qd5 Ne5 16. Be2 Nc6 17. c5 dxc5 18. Qxc5 Bd4 19. Qd5 Qf6 20. Rb1 Rfd8 21.
Qg5 Qe6 22. Bf4 Ne5 23. Bxe5 1/2-1/2

[Event "Zagreb Open 2010 Grupo B"]
[Site "Zagreb CRO"]
[Date "2010.02.28"]
[Round "5.10"]
[White "Korov, Zvonko"]
[Black "Mihalinec, Damir"]
[Result "0-1"]
[WhiteElo "2119"]
[BlackElo "2232"]
[PlyCount "74"]
[EventDate "2010.02.25"]
[EventType "swiss"]
[EventRounds "9"]
[EventCountry "CRO"]
[Source "lmi"]
[SourceDate "2010.02.25"]

1. d4 Nf6 2. c4 g6 3. f3 d5 4. cxd5 Nxd5 5. e4 Nb6 6. Be3 Bg7 7. Nc3 O-O 8. Qd2
Be6 9. O-O-O Bc4 10. Nge2 a5 11. Kb1 a4 12. Bh6 Nc6 13. Bxg7 Kxg7 14. h4 h5 15.
Nc1 Bxf1 16. Rhxf1 e5 17. d5 Nd4 18. Qf2 c6 19. Nd3 f6 20. dxc6 bxc6 21. g4
hxg4 22. fxg4 Qe7 23. Rh1 c5 24. Qg2 c4 25. Nc1 a3 26. g5 axb2 27. gxf6+ Rxf6
28. Qxb2 Na4 29. Nxa4 Rxa4 30. Rxd4 Rb4 31. Rxc4 Rxb2+ 32. Kxb2 Rf2+ 33. Kb3
Qb7+ 34. Ka3 Qa7+ 35. Kb3 Qb6+ 36. Ka4 Rb2 37. Ka3 Rb1 0-1

[Event "Zagreb Open 2010 Grupo B"]
[Site "Zagreb CRO"]
[Date "2010.02.28"]
[Round "5.11"]
[White "Ivekovic, Bozidar"]
[Black "Lasic, Luka"]
[Result "0-1"]
[WhiteElo "2109"]
[BlackElo "2222"]
[PlyCount "118"]
[EventDate "2010.02.25"]
[EventType "swiss"]
[EventRounds "9"]
[EventCountry "CRO"]
[Source "lmi"]
[SourceDate "2010.02.25"]

1. e4 d6 2. d4 Nf6 3. Nc3 Nbd7 4. Be3 c6 5. f3 e5 6. Nge2 Be7 7. g4 exd4 8.
Nxd4 Ne5 9. Be2 c5 10. Nf5 Bxf5 11. gxf5 Nfd7 12. O-O g6 13. fxg6 hxg6 14. Rf2
Nc6 15. Nd5 Bh4 16. Rg2 Nf6 17. c3 Ne7 18. Nxf6+ Bxf6 19. Bb5+ Kf8 20. Rd2 Qb6
21. Bc4 Kg7 22. Qb3 Qc7 23. Bf4 Rad8 24. Rad1 Nc8 25. Bg3 Bh4 26. Rg2 Qe7 27.
Qc2 Bxg3 28. Rxg3 Nb6 29. Bd5 Rh5 30. c4 Nxd5 31. cxd5 Rdh8 32. Rd2 Qe5 33. Qc3
Kf6 34. f4 Qxc3 35. bxc3 g5 36. fxg5+ Ke5 37. Rg4 Rh4 38. Rdg2 b5 39. g6 fxg6
40. Rxg6 R8h6 41. Rxh6 Rxh6 42. Rg4 a5 43. h4 b4 44. cxb4 axb4 45. Kf2 Kd4 46.
Ke2 Kc3 47. Kd1 c4 48. Kc1 Rf6 49. Rg3+ Kd4 50. Rh3 Kxe4 51. h5 Rh6 52. Kb2
Kxd5 53. a4 Kc5 54. Kc2 d5 55. Kd2 d4 56. Rh4 b3 57. a5 c3+ 58. Kd3 b2 59. Kc2
Kc4 0-1

[Event "Zagreb Open 2010 Grupo B"]
[Site "Zagreb CRO"]
[Date "2010.02.28"]
[Round "5.12"]
[White "Mihalic, Goran"]
[Black "Frank, Vladimir"]
[Result "1/2-1/2"]
[WhiteElo "2102"]
[BlackElo "2194"]
[PlyCount "49"]
[EventDate "2010.02.25"]
[EventType "swiss"]
[EventRounds "9"]
[EventCountry "CRO"]
[Source "lmi"]
[SourceDate "2010.02.25"]

1. e4 c5 2. Nf3 Nc6 3. d4 cxd4 4. Nxd4 Nf6 5. Nc3 d6 6. Be2 e6 7. O-O Be7 8.
Kh1 O-O 9. f4 Bd7 10. Be3 Nxd4 11. Bxd4 Bc6 12. Bf3 a6 13. Qe2 b5 14. a3 Rc8
15. Rad1 Qc7 16. Rd2 Qb7 17. e5 dxe5 18. Bxc6 Qxc6 19. fxe5 Nd5 20. Ne4 f5 21.
exf6 Nxf6 22. Ng5 Nd7 23. Rxf8+ Rxf8 24. Nf3 Qc4 25. Qxc4 1/2-1/2

[Event "Zagreb Open 2010 Grupo B"]
[Site "Zagreb CRO"]
[Date "2010.02.28"]
[Round "5.13"]
[White "Hrupacki, Milan"]
[Black "Dulic, Grgur"]
[Result "0-1"]
[WhiteElo "2072"]
[BlackElo "2192"]
[PlyCount "94"]
[EventDate "2010.02.25"]
[EventType "swiss"]
[EventRounds "9"]
[EventCountry "CRO"]
[Source "lmi"]
[SourceDate "2010.02.25"]

1. g4 d5 2. Bg2 c6 3. h3 e5 4. d4 e4 5. c4 Bd6 6. Nc3 Ne7 7. Bg5 f6 8. Bc1 Be6
9. c5 Bc7 10. Qb3 Qc8 11. e3 O-O 12. Nge2 Kh8 13. Nf4 Bf7 14. Bd2 Nd7 15. O-O-O
b6 16. Na4 bxc5 17. Qa3 Bd6 18. dxc5 Be5 19. Ne2 f5 20. Nd4 f4 21. Bf1 Qc7 22.
Ne2 Ng6 23. h4 f3 24. Nd4 Bxd4 25. exd4 Nf4 26. g5 Be6 27. Be3 Bg4 28. Nc3 Ng2
29. Nb1 Rf7 30. h5 Nxe3 31. Qxe3 Qf4 32. Kd2 Rb8 33. b3 h6 34. gxh6 gxh6 35.
Bh3 Qxe3+ 36. Kxe3 Bxh3 37. Rxh3 Rg8 38. Rf1 Rg2 39. Nc3 Nf6 40. Nd1 Rfg7 41.
Kd2 Rg1 42. Rxg1 Rxg1 43. Ne3 Rg5 44. Nc2 Rg2 45. Ke1 Ng4 46. Nb4 Nxf2 47. Rh4
e3 0-1

[Event "Zagreb Open 2010 Grupo B"]
[Site "Zagreb CRO"]
[Date "2010.02.28"]
[Round "5.14"]
[White "Matic, Zeljko"]
[Black "Ivekovic, Bozidar Jr"]
[Result "1/2-1/2"]
[WhiteElo "2181"]
[BlackElo "2042"]
[PlyCount "88"]
[EventDate "2010.02.25"]
[EventType "swiss"]
[EventRounds "9"]
[EventCountry "CRO"]
[Source "lmi"]
[SourceDate "2010.02.25"]

1. f4 d5 2. Nf3 Nf6 3. d3 b6 4. g3 Bb7 5. Bg2 e6 6. O-O Be7 7. c3 O-O 8. Qc2 c5
9. Re1 d4 10. Nbd2 Nc6 11. Nb3 Rc8 12. a3 Nd5 13. Kh1 Bf6 14. c4 Ne3 15. Bxe3
dxe3 16. Rad1 Nd4 17. Nbxd4 cxd4 18. b4 Re8 19. Qb2 e5 20. fxe5 Bxe5 21. Nxe5
Bxg2+ 22. Kxg2 Rxe5 23. Rf1 g5 24. Rf3 f5 25. Rdf1 Qd7 26. h4 h6 27. Rh1 Rf8
28. hxg5 hxg5 29. Qa1 f4 30. Rh5 g4 31. Rxe5 gxf3+ 32. exf3 Qg7 33. Qxd4 Qxg3+
34. Kh1 Qxf3+ 35. Kg1 Qg3+ 36. Kh1 Qh4+ 37. Kg1 Kh7 38. Qe4+ Kh8 39. Qd4 Qe1+
40. Kh2 Qg3+ 41. Kh1 Qf3+ 42. Kh2 Qf2+ 43. Kh1 Qh4+ 44. Kg1 Qg4+ 1/2-1/2

[Event "Zagreb Open 2010 Grupo B"]
[Site "Zagreb CRO"]
[Date "2010.02.28"]
[Round "5.15"]
[White "Raguz, Dario"]
[Black "Glazar, Domagoj"]
[Result "1-0"]
[WhiteElo "2177"]
[BlackElo "2046"]
[PlyCount "87"]
[EventDate "2010.02.25"]
[EventType "swiss"]
[EventRounds "9"]
[EventCountry "CRO"]
[Source "lmi"]
[SourceDate "2010.02.25"]

1. e4 e5 2. Nf3 Nf6 3. Nxe5 d6 4. Nf3 Nxe4 5. Nc3 Nf6 6. d4 d5 7. Bg5 Be7 8.
Bd3 Nc6 9. h3 Nb4 10. Bb5+ c6 11. Ba4 O-O 12. a3 Na6 13. O-O Bf5 14. Nh4 Be6
15. Qd3 h6 16. Be3 Ne4 17. Nf3 b5 18. Bb3 Bf5 19. Qe2 Nxc3 20. bxc3 Nc7 21. Ne5
Qe8 22. g4 Bh7 23. f4 f6 24. Nd3 Bxd3 25. cxd3 Qd7 26. f5 Bd6 27. Qf3 Rfe8 28.
Ra2 Re7 29. c4 dxc4 30. dxc4 bxc4 31. Bxc4+ Kh7 32. g5 Nd5 33. Bxd5 cxd5 34.
gxf6 gxf6 35. Kh1 Rae8 36. Re2 Re4 37. Qh5 Bf8 38. Rg1 Kh8 39. Bxh6 Qh7 40.
Rxe4 Rxe4 41. Rg6 Rxd4 42. Rxf6 Bxa3 43. Qe8+ Qg8 44. Bg7+ 1-0

[Event "Zagreb Open 2010 Grupo B"]
[Site "Zagreb CRO"]
[Date "2010.02.28"]
[Round "5.16"]
[White "Tolic, Mato"]
[Black "Pecnik, Leo"]
[Result "0-1"]
[WhiteElo "2042"]
[BlackElo "2261"]
[PlyCount "94"]
[EventDate "2010.02.25"]
[EventType "swiss"]
[EventRounds "9"]
[EventCountry "CRO"]
[Source "lmi"]
[SourceDate "2010.02.25"]

1. Nf3 g6 2. c4 Nf6 3. b3 Bg7 4. Bb2 O-O 5. e3 d6 6. Be2 e5 7. Nc3 Re8 8. d3 c6
9. O-O d5 10. Qc2 Bf5 11. e4 dxe4 12. dxe4 Bg4 13. h3 Bxf3 14. Bxf3 Nbd7 15. b4
a5 16. a3 axb4 17. axb4 Qb6 18. Na2 Nf8 19. c5 Qc7 20. Nc1 Rxa1 21. Bxa1 Ne6
22. Rd1 Nd4 23. Bxd4 exd4 24. Ne2 Qe5 25. Rxd4 Ra8 26. Qd1 h5 27. g3 Kh7 28.
Bg2 Qe8 29. f4 Ng8 30. e5 f6 31. Rd7 fxe5 32. fxe5 Qxe5 33. Qd4 Ra1+ 34. Kh2
Qxd4 35. Nxd4 Rd1 36. Rxb7 Rxd4 37. Bxc6 Rd2+ 38. Kg1 Kh6 39. Ba4 Bd4+ 40. Kf1
Nf6 41. c6 Ne4 42. c7 Rf2+ 43. Ke1 Bc3+ 44. Kd1 Rd2+ 45. Ke1 Rb2+ 46. Kf1 Nxg3+
47. Kg1 Bd4# 0-1